| 000 | 00900cam a2200289Ia 4500 | ||
|---|---|---|---|
| 001 | 40948 | ||
| 005 | 20230410115825.0 | ||
| 008 | 760108s1945 mx 000 0 spa d | ||
| 035 | _a(OCoLC)ocm01917367 | ||
| 040 |
_aYQR _cYQR _dOCL _dORE _dXVF |
||
| 035 | _a(OCoLC)1917367 | ||
| 041 | 1 |
_aspa _heng |
|
| 050 | 1 | 4 |
_aHM107 _b.L513 1945 |
| 082 | 4 | _a137 | |
| 100 | 1 |
_aLinton, Ralph, _d1893-1953. |
|
| 245 | 1 | 0 |
_aCultura y personalidad / _cpor Ralph Linton ; traducción de Javier Romero. |
| 260 |
_aMéxico : _bFondo de Cultura Económica, _cc1945. |
||
| 300 |
_a155 p. ; _c19 cm. |
||
| 490 | 0 |
_aBrevarios del Fondo de Cultura Económica, _v145 |
|
| 546 | _aTranslation of: The cultural background of personality. | ||
| 650 | 0 | _aPersonality and culture. | |
| 650 | 0 | _aAnthropology. | |
| 650 | 4 | _aPersonalidad y cultura. | |
| 650 | 4 | _aAntropologâia. | |
| 942 |
_2lcc _cbk |
||
| 994 |
_aC0 _bDRFGD |
||
| 999 |
_c48685 _d48685 |
||